00336 a2200121 450000100060000010000100000624500390001626000160005509000170007194200230008899900190011195200840013030536 aShera aLibrarianship ki imrani bunyaadein abPak Libc c20466d20466 aNUST-CAEcMc11632 c265609d265609 001040708NFICaCAEbCAEd2017-04-03l0pCAE45212r2017-04-05w2017-04-05yBK